|
|
|
|
| LEADER |
00000cam a2200000 7i4500 |
| 001 |
0000003068 |
| 005 |
20040427.0 |
| 090 |
0 |
0 |
|a RP582.165951bNG 1990
|
| 100 |
1 |
0 |
|a NG
|h F. S. P.
|
| 245 |
1 |
0 |
|a Endemic trees of the Malay Peninsular
|c by F. S. P. Ng, C. M. Low & Mat Asri Ngah Sanah; edited by H. T. Chan
|
| 260 |
0 |
0 |
|a Kuala Lumpur :
|b Institut Penyelidikan Perhutanan Malaysia ,
|c 1990
|
| 300 |
|
|
|a 118 p. ;
|c 30 cm.
|
| 440 |
0 |
0 |
|a Research pamphlet ; no. 106
|
| 650 |
0 |
0 |
|a Trees
|z Peninsular Malaysia
|x Classification
|
| 700 |
0 |
1 |
|a Chan
|h H. T.
|
| 700 |
0 |
1 |
|a Low
|h C. M.
|
| 700 |
0 |
1 |
|a Mat Asri Ngah Sanah
|
| 710 |
1 |
1 |
|a Institut Penyelidikan Perhutanan Malaysia (FRIM)
|
| 998 |
|
|
|a JPSM
|
| 999 |
|
|
|a 0000003098
|b Monograph
|c Open Shelf
|e Default branch
|
| 999 |
|
|
|a 0000003099
|b Monograph
|c Open Shelf
|e Default branch
|
| 999 |
|
|
|a 0000003100
|b Monograph
|c Open Shelf
|e Default branch
|